[Event "World Youth & Cadets Rapid Championships"]
[Site "Rhodes, Greece"]
[Date "2022.05.01"]
[Round "1.33"]
[White "Aydin, Gulenay"]
[Black "Kryvenko, Daryna"]
[Result "1-0"]
[TimeControl "10'/game & 5\"/move"]
[WhiteElo "2143"]
[BlackElo "1458"]

1. e4 {[%clk 00:10:06]} {[%emt 00:00:03]} c5 {[%clk 00:10:08]} {[%emt
00:00:02]} 2. Nf3 {[%clk 00:10:07]} {[%emt 00:00:04]} g6 {[%clk 00:10:09]}
{[%emt 00:00:05]} 3. c3 {[%clk 00:09:41]} {[%emt 00:00:30]} d5 {[%clk
00:09:48]} {[%emt 00:00:27]} 4. exd5 {[%clk 00:09:18]} {[%emt 00:00:28]} Qxd5
{[%clk 00:09:45]} {[%emt 00:00:08]} 5. d4 {[%clk 00:09:07]} {[%emt 00:00:15]}
cxd4 {[%clk 00:09:12]} {[%emt 00:00:39]} 6. cxd4 {[%clk 00:08:59]} {[%emt
00:00:13]} Nf6 {[%clk 00:08:31]} {[%emt 00:00:46]} 7. Nc3 {[%clk 00:08:58]}
{[%emt 00:00:07]} Qd6 {[%clk 00:08:13]} {[%emt 00:00:23]} 8. Nb5 {[%clk
00:07:34]} {[%emt 00:01:28]} Qd8 {[%clk 00:07:03]} {[%emt 00:01:15]} 9. Bf4
{[%clk 00:06:46]} {[%emt 00:00:53]} Na6 {[%clk 00:06:40]} {[%emt 00:00:28]} 10.
Be2 {[%clk 00:06:29]} {[%emt 00:00:21]} Bg7 {[%clk 00:06:25]} {[%emt 00:00:20]}
11. O-O {[%clk 00:06:32]} {[%emt 00:00:03]} O-O {[%clk 00:03:56]} {[%emt
00:00:28]} 12. a3 Bf5 {[%clk 00:03:12]} {[%emt 00:02:47]} 13. Rc1 Nd5 {[%clk
00:02:25]} {[%emt 00:01:00]} 14. Bg3 Qb6 {[%clk 00:01:56]} {[%emt 00:01:18]} 15.
b4 Rac8 {[%clk 00:01:37]} {[%emt 00:01:14]} 16. Qd2 Nac7 {[%emt 00:01:09]} 17.
Nxc7 {[%clk 00:04:15]} {[%emt 00:00:09]} Nxc7 {[%clk 00:00:56]} {[%emt
00:00:59]} 18. Be5 f6 {[%emt 00:00:57]} 19. Bf4 {[%clk 00:03:09]} {[%emt
00:00:11]} Nd5 {[%clk 00:00:46]} {[%emt 00:00:24]} 20. Bc4 Be6 {[%emt
00:00:19]} 21. Bg3 {[%clk 00:02:47]} {[%emt 00:00:01]} Rfd8 {[%emt 00:00:37]}
22. Rfe1 {[%clk 00:02:05]} {[%emt 00:00:13]} Bf7 {[%emt 00:00:46]} 23. Qe2
{[%clk 00:01:15]} {[%emt 00:00:36]} h5 {[%emt 00:00:46]} 24. h3 {[%clk
00:00:32]} {[%emt 00:00:02]} 1-0

[Event "World Youth & Cadets Rapid Championships"]
[Site "Rhodes, Greece"]
[Date "2022.05.01"]
[Round "1.34"]
[White "Berezovsky, Fiorina"]
[Black "Mihelic, Vesna"]
[Result "0-1"]
[TimeControl "10'/game & 5\"/move"]
[WhiteElo "1435"]
[BlackElo "1924"]

1. d4 {[%clk 00:10:07]} {[%emt 00:00:03]} d5 {[%clk 00:10:09]} {[%emt
00:00:02]} 2. c4 {[%clk 00:10:05]} {[%emt 00:00:06]} e6 {[%clk 00:10:12]}
{[%emt 00:00:02]} 3. Nf3 {[%clk 00:10:03]} {[%emt 00:00:07]} Nf6 {[%clk
00:10:14]} {[%emt 00:00:03]} 4. g3 {[%clk 00:09:58]} {[%emt 00:00:10]} dxc4
{[%clk 00:10:14]} {[%emt 00:00:05]} 5. Bg2 {[%clk 00:09:51]} {[%emt 00:00:12]}
Bb4+ {[%clk 00:10:00]} {[%emt 00:00:18]} 6. Bd2 {[%clk 00:09:36]} {[%emt
00:00:20]} a5 {[%clk 00:10:00]} {[%emt 00:00:05]} 7. O-O {[%clk 00:09:15]}
{[%emt 00:00:26]} O-O {[%clk 00:09:58]} {[%emt 00:00:08]} 8. a3 {[%clk
00:09:16]} {[%emt 00:00:04]} Bxd2 {[%clk 00:09:42]} {[%emt 00:00:21]} 9. Nbxd2
{[%clk 00:09:03]} {[%emt 00:00:18]} b5 {[%clk 00:09:34]} {[%emt 00:00:13]} 10.
a4 {[%clk 00:08:23]} {[%emt 00:00:45]} c6 {[%clk 00:09:19]} {[%emt 00:00:20]}
11. e3 {[%clk 00:07:53]} {[%emt 00:00:36]} Bb7 {[%clk 00:08:26]} {[%emt
00:00:57]} 12. Ne5 {[%clk 00:07:33]} {[%emt 00:00:25]} Nd5 {[%clk 00:08:18]}
{[%emt 00:00:13]} 13. Qc2 {[%clk 00:06:51]} {[%emt 00:00:44]} Nd7 {[%clk
00:07:43]} {[%emt 00:00:42]} 14. Ndf3 {[%clk 00:06:29]} {[%emt 00:00:27]} N7b6
{[%clk 00:07:07]} {[%emt 00:00:42]} 15. axb5 {[%clk 00:04:45]} {[%emt
00:01:49]} cxb5 {[%clk 00:07:08]} {[%emt 00:00:04]} 16. h4 {[%clk 00:04:38]}
{[%emt 00:00:12]} f6 {[%clk 00:06:19]} {[%emt 00:00:54]} 17. Ng4 {[%clk
00:04:15]} {[%emt 00:00:28]} Nb4 {[%clk 00:05:58]} {[%emt 00:00:26]} 18. Qe2
{[%clk 00:03:50]} {[%emt 00:00:30]} Be4 {[%clk 00:05:24]} {[%emt 00:00:39]} 19.
Qd2 {[%clk 00:02:42]} {[%emt 00:01:13]} Qd5 {[%clk 00:04:04]} {[%emt 00:01:25]}
20. Ne1 {[%clk 00:02:21]} {[%emt 00:00:26]} Bxg2 {[%clk 00:03:50]} {[%emt
00:00:19]} 21. Nxg2 {[%clk 00:02:24]} {[%emt 00:00:01]} e5 {[%clk 00:03:32]}
{[%emt 00:00:23]} 22. Rad1 {[%clk 00:01:59]} {[%emt 00:00:30]} Rfd8 {[%clk
00:03:29]} {[%emt 00:00:09]} 23. f4 {[%clk 00:01:11]} {[%emt 00:00:52]} exd4
{[%clk 00:02:05]} {[%emt 00:01:29]} 24. exd4 {[%clk 00:01:08]} {[%emt
00:00:08]} Nd3 {[%clk 00:01:47]} {[%emt 00:00:24]} 25. Qe3 {[%clk 00:00:21]}
{[%emt 00:00:51]} Re8 {[%clk 00:01:44]} {[%emt 00:00:08]} 26. Qd2 {[%clk
00:00:17]} {[%emt 00:00:09]} Qxd4+ {[%clk 00:01:45]} {[%emt 00:00:05]} 27. Kh2
{[%clk 00:00:17]} {[%emt 00:00:04]} Qxb2 {[%clk 00:01:28]} {[%emt 00:00:23]} 28.
Qxb2 {[%clk 00:00:18]} {[%emt 00:00:03]} Nxb2 {[%clk 00:01:32]} {[%emt
00:00:02]} 29. Rd6 {[%clk 00:00:18]} {[%emt 00:00:04]} N6a4 {[%clk 00:01:28]}
{[%emt 00:00:10]} 30. f5 {[%clk 00:00:15]} {[%emt 00:00:08]} c3 {[%clk
00:01:29]} {[%emt 00:00:04]} 31. Rc6 {[%clk 00:00:12]} {[%emt 00:00:07]} Rec8
{[%clk 00:01:24]} {[%emt 00:00:11]} 32. Rxc8+ {[%clk 00:00:09]} {[%emt
00:00:08]} Rxc8 {[%clk 00:01:27]} {[%emt 00:00:02]} 33. Rc1 {[%clk 00:00:10]}
{[%emt 00:00:03]} c2 {[%clk 00:01:29]} {[%emt 00:00:04]} 34. N4e3 {[%clk
00:00:09]} {[%emt 00:00:05]} Nd3 {[%clk 00:01:15]} {[%emt 00:00:19]} 35. Rxc2
{[%clk 00:00:11]} {[%emt 00:00:04]} Rxc2 {[%clk 00:01:17]} {[%emt 00:00:03]} 36.
Nxc2 {[%clk 00:00:15]} {[%emt 00:00:01]} b4 {[%clk 00:01:19]} {[%emt 00:00:03]}
37. Nge3 {[%clk 00:00:11]} {[%emt 00:00:09]} b3 {[%clk 00:01:17]} {[%emt
00:00:07]} 38. Na3 {[%clk 00:00:14]} {[%emt 00:00:02]} Nc3 {[%clk 00:01:11]}
{[%emt 00:00:11]} 39. Nec4 {[%clk 00:00:10]} {[%emt 00:00:09]} a4 {[%clk
00:01:13]} {[%emt 00:00:03]} 40. Nd2 {[%clk 00:00:10]} {[%emt 00:00:05]} Ne1
{[%clk 00:00:34]} {[%emt 00:00:44]} 41. Kg1 {[%clk 00:00:11]} {[%emt 00:00:04]}
Nc2 {[%clk 00:00:36]} {[%emt 00:00:02]} 42. Ndc4 {[%clk 00:00:10]} {[%emt
00:00:06]} Nxa3 {[%clk 00:00:37]} {[%emt 00:00:05]} 43. Nxa3 {[%clk 00:00:14]}
{[%emt 00:00:01]} b2 {[%clk 00:00:40]} {[%emt 00:00:02]} 44. Kf2 {[%clk
00:00:12]} {[%emt 00:00:07]} b1=Q {[%clk 00:00:43]} {[%emt 00:00:03]} 45. Nxb1
{[%clk 00:00:15]} {[%emt 00:00:01]} Nxb1 {[%clk 00:00:47]} 46. Ke2 {[%clk
00:00:18]} {[%emt 00:00:02]} Nc3+ {[%clk 00:00:48]} {[%emt 00:00:04]} 47. Kd2
{[%clk 00:00:21]} {[%emt 00:00:01]} Nd5 {[%clk 00:00:51]} {[%emt 00:00:03]} 48.
Kc2 {[%clk 00:00:24]} {[%emt 00:00:01]} Nb6 {[%clk 00:00:54]} {[%emt 00:00:03]}
49. Kc3 {[%clk 00:00:24]} {[%emt 00:00:04]} Kf7 {[%clk 00:00:58]} {[%emt
00:00:02]} 50. g4 {[%clk 00:00:28]} {[%emt 00:00:01]} Ke7 {[%clk 00:01:02]}
{[%emt 00:00:01]} 51. Kb4 {[%clk 00:00:29]} {[%emt 00:00:04]} Kd6 {[%clk
00:01:05]} {[%emt 00:00:01]} 52. g5 {[%clk 00:00:33]} {[%emt 00:00:02]} fxg5
{[%clk 00:01:03]} {[%emt 00:00:06]} 53. hxg5 {[%clk 00:00:36]} {[%emt
00:00:02]} Ke5 {[%clk 00:01:06]} {[%emt 00:00:02]} 0-1

[Event "World Youth & Cadets Rapid Championships"]
[Site "Rhodes, Greece"]
[Date "2022.05.01"]
[Round "1.35"]
[White "Blokhin, Sofia"]
[Black "Morkunaite, Adrijana"]
[Result "0-1"]
[TimeControl "10'/game & 5\"/move"]
[WhiteElo "1903"]
[BlackElo "1338"]

1. e4 {[%clk 00:10:08]} {[%emt 00:00:02]} e5 {[%clk 00:10:09]} {[%emt
00:00:02]} 2. Bc4 {[%clk 00:10:11]} {[%emt 00:00:02]} Bc5 {[%clk 00:10:11]}
{[%emt 00:00:02]} 3. Nf3 {[%clk 00:10:14]} {[%emt 00:00:02]} Nc6 {[%clk
00:10:14]} {[%emt 00:00:02]} 4. d3 {[%clk 00:10:16]} {[%emt 00:00:02]} Nf6
{[%clk 00:10:17]} {[%emt 00:00:02]} 5. O-O {[%clk 00:10:19]} {[%emt 00:00:03]}
O-O {[%clk 00:10:19]} {[%emt 00:00:03]} 6. c3 {[%clk 00:10:22]} {[%emt
00:00:02]} d6 {[%clk 00:10:20]} {[%emt 00:00:04]} 7. b4 {[%clk 00:10:24]}
{[%emt 00:00:02]} Bb6 {[%clk 00:10:21]} {[%emt 00:00:04]} 8. a4 {[%clk
00:10:27]} {[%emt 00:00:02]} a6 {[%clk 00:10:18]} {[%emt 00:00:09]} 9. Bg5
{[%clk 00:10:14]} {[%emt 00:00:18]} h6 {[%clk 00:10:21]} {[%emt 00:00:02]} 10.
Bh4 {[%clk 00:10:13]} {[%emt 00:00:05]} Bg4 {[%clk 00:10:15]} {[%emt 00:00:11]}
11. Nbd2 {[%clk 00:10:05]} {[%emt 00:00:14]} Ba7 {[%clk 00:09:06]} {[%emt
00:01:14]} 12. Bb3 {[%clk 00:09:03]} {[%emt 00:01:07]} g5 {[%clk 00:07:54]}
{[%emt 00:01:17]} 13. Bg3 {[%clk 00:09:05]} {[%emt 00:00:03]} Qd7 {[%clk
00:07:50]} {[%emt 00:00:09]} 14. Qc2 {[%clk 00:08:18]} {[%emt 00:00:52]} Rfe8
{[%clk 00:07:36]} {[%emt 00:00:19]} 15. Qa2 {[%clk 00:06:34]} {[%emt 00:01:49]}
Re7 {[%clk 00:06:43]} {[%emt 00:00:57]} 16. h4 {[%clk 00:05:55]} {[%emt
00:00:44]} Nh7 {[%clk 00:05:58]} {[%emt 00:00:50]} 17. Kh1 {[%clk 00:05:31]}
{[%emt 00:00:30]} Kg7 {[%clk 00:05:52]} {[%emt 00:00:10]} 18. Rae1 {[%clk
00:04:46]} {[%emt 00:00:51]} f5 {[%clk 00:04:29]} {[%emt 00:01:28]} 19. exf5
{[%clk 00:04:29]} {[%emt 00:00:22]} Qxf5 {[%clk 00:04:20]} {[%emt 00:00:14]} 20.
Nh2 {[%clk 00:03:51]} {[%emt 00:00:43]} Bh5 {[%clk 00:03:44]} {[%emt 00:00:40]}
21. Ne4 {[%clk 00:03:29]} {[%emt 00:00:27]} Nf6 {[%clk 00:03:31]} {[%emt
00:00:18]} 22. Qd2 {[%clk 00:02:11]} {[%emt 00:01:23]} Nxe4 {[%clk 00:02:58]}
{[%emt 00:00:38]} 23. dxe4 {[%clk 00:02:09]} {[%emt 00:00:07]} Qf6 {[%clk
00:03:01]} {[%emt 00:00:02]} 24. hxg5 hxg5 {[%clk 00:03:02]} 25. Bd1 {[%clk
00:01:36]} {[%emt 00:00:11]} Rh8 {[%clk 00:02:50]} {[%emt 00:00:17]} 26. Bxh5
{[%clk 00:01:06]} {[%emt 00:00:36]} Rxh5 {[%clk 00:02:53]} {[%emt 00:00:01]} 27.
Qd1 {[%clk 00:01:01]} {[%emt 00:00:10]} Qh6 {[%clk 00:02:50]} {[%emt 00:00:08]}
28. Qg4 {[%clk 00:00:51]} {[%emt 00:00:15]} Re6 {[%clk 00:02:03]} {[%emt
00:00:52]} 29. b5 {[%clk 00:00:48]} {[%emt 00:00:09]} axb5 {[%clk 00:02:05]}
{[%emt 00:00:03]} 30. axb5 {[%clk 00:00:50]} {[%emt 00:00:02]} Ne7 {[%clk
00:02:02]} {[%emt 00:00:07]} 31. Ra1 {[%clk 00:00:50]} {[%emt 00:00:07]} Bb6
{[%clk 00:02:05]} {[%emt 00:00:02]} 32. Rfd1 {[%clk 00:00:42]} {[%emt
00:00:13]} Bxf2 {[%clk 00:02:03]} {[%emt 00:00:07]} 33. Rf1 {[%clk 00:00:31]}
{[%emt 00:00:15]} Bxg3 {[%clk 00:01:54]} {[%emt 00:00:14]} 34. Qxg3 {[%clk
00:00:35]} {[%emt 00:00:02]} Ng6 {[%clk 00:01:54]} {[%emt 00:00:05]} 35. Kg1
{[%clk 00:00:31]} {[%emt 00:00:08]} Nf4 {[%clk 00:01:56]} {[%emt 00:00:03]} 36.
Ng4 {[%clk 00:00:31]} {[%emt 00:00:06]} Ne2+ {[%clk 00:01:57]} {[%emt
00:00:03]} 37. Kf2 {[%clk 00:00:34]} {[%emt 00:00:02]} Nxg3 {[%clk 00:01:59]}
{[%emt 00:00:03]} 38. Nxh6 {[%clk 00:00:38]} {[%emt 00:00:02]} Nxf1 {[%clk
00:02:00]} {[%emt 00:00:04]} 39. Nf5+ {[%clk 00:00:41]} {[%emt 00:00:03]} Kg6
{[%clk 00:02:01]} {[%emt 00:00:02]} 40. Rxf1 {[%clk 00:00:44]} {[%emt
00:00:03]} c6 {[%clk 00:01:56]} {[%emt 00:00:10]} 41. b6 {[%clk 00:00:45]}
{[%emt 00:00:04]} d5 {[%clk 00:01:55]} {[%emt 00:00:06]} 42. Ke3 {[%clk
00:00:45]} {[%emt 00:00:04]} dxe4 {[%clk 00:01:56]} {[%emt 00:00:05]} 43. Kxe4
{[%clk 00:00:47]} {[%emt 00:00:03]} Rh2 {[%clk 00:01:53]} {[%emt 00:00:07]} 44.
g4 {[%clk 00:00:44]} {[%emt 00:00:09]} Rb2 {[%clk 00:01:47]} {[%emt 00:00:11]}
45. Rd1 {[%clk 00:00:40]} {[%emt 00:00:09]} Re2+ {[%clk 00:01:05]} {[%emt
00:00:47]} 46. Kf3 {[%clk 00:00:41]} {[%emt 00:00:04]} Rh2 {[%clk 00:01:07]}
{[%emt 00:00:03]} 47. Rd7 {[%clk 00:00:43]} {[%emt 00:00:03]} Rh7 {[%clk
00:01:11]} {[%emt 00:00:01]} 48. Rd8 {[%clk 00:00:39]} {[%emt 00:00:10]} e4+
{[%clk 00:01:11]} {[%emt 00:00:04]} 49. Ke2 {[%clk 00:00:37]} {[%emt 00:00:07]}
e3 {[%clk 00:01:08]} {[%emt 00:00:07]} 50. Rg8+ {[%clk 00:00:31]} {[%emt
00:00:11]} Kf7 {[%clk 00:01:09]} {[%emt 00:00:04]} 51. Rxg5 {[%clk 00:00:28]}
{[%emt 00:00:09]} Rh2+ {[%clk 00:01:12]} {[%emt 00:00:02]} 52. Ke1 {[%clk
00:00:29]} {[%emt 00:00:04]} e2 {[%clk 00:01:13]} {[%emt 00:00:04]} 53. Ng3
{[%clk 00:00:32]} {[%emt 00:00:02]} Rg2 {[%clk 00:01:11]} {[%emt 00:00:07]} 54.
Rf5+ {[%clk 00:00:35]} {[%emt 00:00:02]} Kg6 {[%clk 00:01:12]} {[%emt
00:00:03]} 55. Nxe2 {[%clk 00:00:11]} {[%emt 00:00:29]} Rgxe2+ {[%clk
00:01:06]} {[%emt 00:00:12]} 56. Kd1 {[%clk 00:00:14]} {[%emt 00:00:02]} Rg2
{[%clk 00:01:05]} {[%emt 00:00:06]} 57. Rf8 {[%clk 00:00:11]} {[%emt 00:00:08]}
Rf6 {[%clk 00:01:02]} {[%emt 00:00:08]} 58. Rxf6+ {[%clk 00:00:09]} {[%emt
00:00:06]} Kxf6 {[%clk 00:01:06]} {[%emt 00:00:02]} 59. Kc1 {[%clk 00:00:12]}
{[%emt 00:00:01]} Rxg4 {[%clk 00:01:08]} {[%emt 00:00:03]} 60. Kb2 {[%clk
00:00:16]} {[%emt 00:00:02]} Rg5 {[%clk 00:01:10]} {[%emt 00:00:03]} 61. c4
{[%clk 00:00:19]} {[%emt 00:00:02]} Rc5 {[%clk 00:01:11]} {[%emt 00:00:03]} 62.
Kb3 {[%clk 00:00:23]} {[%emt 00:00:01]} Ke5 {[%clk 00:01:15]} {[%emt 00:00:01]}
63. Kb4 {[%clk 00:00:26]} {[%emt 00:00:03]} Kd4 {[%clk 00:01:19]} {[%emt
00:00:01]} 64. Ka4 {[%clk 00:00:23]} {[%emt 00:00:08]} Rxc4+ {[%clk 00:01:22]}
{[%emt 00:00:02]} 65. Ka5 {[%clk 00:00:27]} {[%emt 00:00:01]} Rc1 {[%clk
00:01:24]} {[%emt 00:00:03]} 66. Ka4 {[%clk 00:00:27]} {[%emt 00:00:05]} Rb1
{[%clk 00:01:23]} {[%emt 00:00:06]} 67. Ka3 {[%clk 00:00:30]} {[%emt 00:00:02]}
Kc4 {[%clk 00:01:24]} {[%emt 00:00:03]} 68. Ka2 {[%clk 00:00:33]} {[%emt
00:00:03]} Rb5 {[%clk 00:01:27]} {[%emt 00:00:02]} 69. Ka3 {[%clk 00:00:34]}
{[%emt 00:00:04]} Kd3 {[%clk 00:01:26]} {[%emt 00:00:05]} 70. Ka4 {[%clk
00:00:38]} {[%emt 00:00:02]} Kc3 {[%clk 00:01:28]} {[%emt 00:00:03]} 0-1

[Event "World Youth & Cadets Rapid Championships"]
[Site "Rhodes, Greece"]
[Date "2022.05.01"]
[Round "1.36"]
[White "Maton, Emily"]
[Black "Sala, Giulia"]
[Result "0-1"]
[TimeControl "10'/game & 5\"/move"]
[WhiteElo "1324"]
[BlackElo "1889"]

1. c4 {[%clk 00:10:09]} Nf6 {[%clk 00:10:08]} {[%emt 00:00:03]} 2. Nf3 {[%clk
00:10:13]} {[%emt 00:00:01]} g6 {[%clk 00:10:11]} {[%emt 00:00:01]} 3. g3
{[%clk 00:10:17]} {[%emt 00:00:01]} Bg7 {[%clk 00:10:15]} {[%emt 00:00:01]} 4.
Bg2 {[%clk 00:10:20]} {[%emt 00:00:02]} O-O {[%clk 00:10:19]} {[%emt 00:00:01]}
5. O-O {[%clk 00:10:23]} {[%emt 00:00:02]} d6 {[%clk 00:10:23]} {[%emt
00:00:01]} 6. Nc3 {[%clk 00:10:26]} {[%emt 00:00:02]} Nc6 {[%clk 00:10:25]}
{[%emt 00:00:03]} 7. d4 {[%clk 00:10:29]} {[%emt 00:00:03]} e5 {[%clk
00:10:25]} {[%emt 00:00:05]} 8. dxe5 {[%clk 00:10:30]} {[%emt 00:00:03]} dxe5
{[%clk 00:10:25]} {[%emt 00:00:06]} 9. Bg5 {[%clk 00:10:17]} {[%emt 00:00:18]}
h6 {[%clk 00:09:42]} {[%emt 00:00:48]} 10. Be3 {[%clk 00:09:54]} {[%emt
00:00:27]} Be6 {[%clk 00:09:41]} {[%emt 00:00:06]} 11. Qc1 {[%clk 00:09:01]}
{[%emt 00:00:58]} Bxc4 {[%clk 00:09:30]} {[%emt 00:00:17]} 12. Bxh6 {[%clk
00:08:56]} {[%emt 00:00:10]} Qe7 {[%clk 00:08:40]} {[%emt 00:00:54]} 13. Re1
{[%clk 00:08:17]} {[%emt 00:00:44]} Rad8 {[%clk 00:08:31]} {[%emt 00:00:14]} 14.
Bxg7 {[%clk 00:08:04]} {[%emt 00:00:18]} Kxg7 {[%clk 00:08:34]} {[%emt
00:00:02]} 15. Nd2 {[%clk 00:07:46]} {[%emt 00:00:23]} Be6 {[%clk 00:07:58]}
{[%emt 00:00:41]} 16. Nde4 {[%clk 00:07:38]} {[%emt 00:00:13]} Rh8 {[%clk
00:06:27]} {[%emt 00:01:37]} 17. Nxf6 {[%clk 00:07:23]} {[%emt 00:00:20]} Qxf6
{[%clk 00:06:24]} {[%emt 00:00:07]} 18. Ne4 {[%clk 00:07:11]} {[%emt 00:00:17]}
Qf5 {[%clk 00:06:15]} {[%emt 00:00:13]} 19. Qg5 {[%clk 00:05:57]} {[%emt
00:01:21]} Nd4 {[%clk 00:05:13]} {[%emt 00:01:07]} 20. Rac1 {[%clk 00:04:49]}
{[%emt 00:01:12]} c6 {[%clk 00:04:33]} {[%emt 00:00:46]} 21. Qxf5 {[%clk
00:04:24]} {[%emt 00:00:30]} Bxf5 {[%clk 00:04:21]} {[%emt 00:00:17]} 22. e3
{[%clk 00:04:02]} {[%emt 00:00:27]} Nb5 {[%clk 00:04:24]} 23. Rcd1 {[%clk
00:03:38]} {[%emt 00:00:29]} b6 {[%clk 00:02:28]} {[%emt 00:02:01]} 24. Bf3
{[%clk 00:02:14]} {[%emt 00:01:30]} Be6 {[%clk 00:01:04]} {[%emt 00:01:29]} 25.
a4 {[%clk 00:01:20]} {[%emt 00:00:58]} Nc7 {[%clk 00:01:01]} {[%emt 00:00:07]}
26. Nc3 {[%clk 00:01:10]} {[%emt 00:00:17]} c5 {[%clk 00:00:29]} {[%emt
00:00:37]} 27. h4 {[%clk 00:00:26]} {[%emt 00:00:49]} Bb3 {[%clk 00:00:32]}
{[%emt 00:00:02]} 28. Rc1 {[%clk 00:00:26]} {[%emt 00:00:04]} Rd2 {[%clk
00:00:34]} {[%emt 00:00:02]} 29. Re2 {[%clk 00:00:20]} {[%emt 00:00:13]} Rhd8
{[%clk 00:00:38]} 30. Ne4 {[%clk 00:00:15]} {[%emt 00:00:10]} Rd1+ {[%clk
00:00:42]} 31. Rxd1 {[%clk 00:00:16]} {[%emt 00:00:04]} Bxd1 {[%clk 00:00:47]}
{[%emt 00:00:01]} 32. Kf1 {[%clk 00:00:14]} {[%emt 00:00:07]} Bxe2+ {[%clk
00:00:51]} 33. Bxe2 {[%clk 00:00:18]} Nd5 {[%clk 00:00:55]} {[%emt 00:00:01]}
34. Bc4 {[%clk 00:00:16]} {[%emt 00:00:07]} Nb4 {[%clk 00:00:59]} {[%emt
00:00:01]} 35. Ke2 {[%clk 00:00:17]} {[%emt 00:00:04]} f5 {[%clk 00:01:01]}
{[%emt 00:00:03]} 36. Nc3 {[%clk 00:00:19]} {[%emt 00:00:02]} Kf6 {[%clk
00:01:02]} {[%emt 00:00:04]} 37. Nb5 {[%clk 00:00:19]} {[%emt 00:00:05]} a6
{[%clk 00:00:53]} {[%emt 00:00:15]} 38. Nc7 {[%clk 00:00:16]} {[%emt 00:00:08]}
a5 {[%clk 00:00:35]} {[%emt 00:00:23]} 39. Nb5 {[%clk 00:00:15]} {[%emt
00:00:06]} Nc6 {[%clk 00:00:39]} 40. Nc3 {[%clk 00:00:11]} {[%emt 00:00:08]}
Ne7 {[%clk 00:00:37]} {[%emt 00:00:08]} 41. Bb5 {[%clk 00:00:14]} {[%emt
00:00:02]} Nd5 {[%clk 00:00:32]} {[%emt 00:00:10]} 42. Nxd5+ {[%clk 00:00:15]}
{[%emt 00:00:03]} Rxd5 {[%clk 00:00:36]} {[%emt 00:00:02]} 43. Bc4 {[%clk
00:00:18]} {[%emt 00:00:02]} Rd6 {[%clk 00:00:40]} 44. b3 {[%clk 00:00:18]}
{[%emt 00:00:05]} e4 {[%clk 00:00:44]} 45. f3 {[%clk 00:00:18]} {[%emt
00:00:06]} Ke5 {[%clk 00:00:48]} {[%emt 00:00:01]} 46. fxe4 {[%clk 00:00:11]}
{[%emt 00:00:11]} Kxe4 {[%clk 00:00:51]} {[%emt 00:00:03]} 47. Bf7 {[%clk
00:00:10]} {[%emt 00:00:05]} Rd3 {[%clk 00:00:45]} {[%emt 00:00:10]} 48. Bxg6
{[%clk 00:00:08]} {[%emt 00:00:09]} Rxe3+ {[%clk 00:00:49]} 49. Kf2 {[%clk
00:00:12]} Rf3+ {[%clk 00:00:53]} 50. Kg2 {[%clk 00:00:16]} {[%emt 00:00:02]}
Rxb3 {[%clk 00:00:57]} {[%emt 00:00:01]} 51. h5 {[%clk 00:00:19]} {[%emt
00:00:02]} Ke5 {[%clk 00:00:32]} {[%emt 00:00:30]} 52. h6 {[%clk 00:00:22]}
{[%emt 00:00:02]} Kf6 {[%clk 00:00:35]} {[%emt 00:00:01]} 53. h7 {[%clk
00:00:24]} {[%emt 00:00:03]} Kg7 {[%clk 00:00:40]} 54. Bxf5 {[%clk 00:00:28]}
{[%emt 00:00:01]} Rb4 {[%clk 00:00:38]} {[%emt 00:00:05]} 55. Bd7 {[%clk
00:00:27]} {[%emt 00:00:07]} Kxh7 {[%clk 00:00:39]} {[%emt 00:00:04]} 56. Kf2
{[%clk 00:00:31]} {[%emt 00:00:01]} Kh6 {[%clk 00:00:43]} 57. Ke3 {[%clk
00:00:34]} {[%emt 00:00:02]} Kg5 {[%clk 00:00:48]} {[%emt 00:00:01]} 58. g4
{[%clk 00:00:35]} {[%emt 00:00:04]} Rd4 {[%clk 00:00:42]} {[%emt 00:00:10]} 59.
Bb5 {[%clk 00:00:38]} {[%emt 00:00:02]} Rxg4 {[%clk 00:00:44]} {[%emt
00:00:04]} 60. Kd3 {[%clk 00:00:42]} Rb4 {[%clk 00:00:47]} {[%emt 00:00:01]} 61.
Kc3 {[%clk 00:00:46]} {[%emt 00:00:02]} Kf4 {[%clk 00:00:51]} 62. Bc6 {[%clk
00:00:49]} {[%emt 00:00:02]} Ke5 {[%clk 00:00:55]} {[%emt 00:00:01]} 63. Bb5
{[%clk 00:00:53]} Kd5 {[%clk 00:00:58]} {[%emt 00:00:02]} 64. Be8 {[%clk
00:00:53]} {[%emt 00:00:05]} Rh4 {[%clk 00:00:59]} {[%emt 00:00:04]} 65. Bf7+
{[%clk 00:00:54]} {[%emt 00:00:05]} Ke5 {[%clk 00:01:03]} 66. Be8 {[%clk
00:00:58]} {[%emt 00:00:02]} Rf4 {[%clk 00:01:01]} {[%emt 00:00:07]} 67. Bd7
{[%clk 00:00:57]} {[%emt 00:00:05]} Kd5 {[%clk 00:01:04]} {[%emt 00:00:02]} 68.
Bb5 {[%clk 00:00:58]} {[%emt 00:00:05]} Rf3+ {[%clk 00:01:07]} {[%emt
00:00:02]} 69. Kc2 {[%clk 00:01:01]} {[%emt 00:00:01]} Kd4 {[%clk 00:01:10]}
{[%emt 00:00:02]} 70. Bc6 {[%clk 00:01:02]} {[%emt 00:00:04]} Rg3 {[%clk
00:01:13]} {[%emt 00:00:03]} 71. Bb7 {[%clk 00:01:02]} {[%emt 00:00:05]} c4
{[%clk 00:01:16]} {[%emt 00:00:02]} 72. Bc8 {[%clk 00:00:59]} {[%emt 00:00:07]}
Rg2+ {[%clk 00:01:19]} {[%emt 00:00:02]} 73. Kc1 {[%clk 00:01:03]} {[%emt
00:00:01]} Kc3 {[%clk 00:01:19]} {[%emt 00:00:05]} 74. Kd1 {[%clk 00:01:06]}
{[%emt 00:00:02]} Kb4 {[%clk 00:01:23]} 75. Bd7 {[%clk 00:01:09]} {[%emt
00:00:02]} Ra2 {[%clk 00:01:25]} {[%emt 00:00:03]} 76. Kc1 {[%clk 00:01:13]}
{[%emt 00:00:02]} c3 {[%clk 00:01:29]} {[%emt 00:00:01]} 77. Kb1 {[%clk
00:01:13]} {[%emt 00:00:05]} Rh2 {[%clk 00:01:31]} {[%emt 00:00:02]} 78. Kc1
{[%clk 00:01:13]} {[%emt 00:00:05]} c2 {[%clk 00:01:33]} {[%emt 00:00:03]} 79.
Bf5 {[%clk 00:01:13]} {[%emt 00:00:06]} Kc3 {[%clk 00:01:35]} {[%emt 00:00:02]}
80. Bxc2 {[%clk 00:01:15]} {[%emt 00:00:04]} Rxc2+ {[%clk 00:01:38]} {[%emt
00:00:01]} 0-1